|
|
|
|
| LEADER |
01045aam a22002658a 4500 |
| 001 |
00029729 |
| 005 |
20171026081025.0 |
| 008 |
121115s2012 ||||||viesd |
| 020 |
|
|
|c 27000
|
| 041 |
0 |
# |
|a vie
|
| 082 |
1 |
4 |
|a 346.597 04
|b L504Đ
|
| 100 |
1 |
# |
|e Hệ thống hóa
|a Phương, Anh
|
| 245 |
1 |
0 |
|a Luật đất đai
|c Phương Anh (hệ thống hóa)
|b Đã được sửa đổi, bổ sung
|
| 260 |
# |
# |
|a H.
|b Hồng Đức
|c 2012
|
| 300 |
# |
# |
|a 137 tr.
|c 21 cm.
|
| 650 |
# |
4 |
|a Pháp luật
|z Việt Nam
|
| 653 |
# |
# |
|a Tài sản
|
| 653 |
# |
# |
|a Đất đai
|
| 852 |
# |
# |
|b Kho mượn
|j KM.0014596, KM.0014597, KM.0014598, KM.0014599, KM.0014600, KM.0014601, KM.0014602, KM.0014603, KM.0014604
|
| 852 |
# |
# |
|b Kho đọc
|j KD.0014159
|
| 852 |
# |
# |
|j KM.0014577
|j KM.0014578
|j KM.0014580
|j KM.0014584
|j KM.0014585
|j KM.0014581
|j KM.0014582
|j KD.0014159
|j KM.0014579
|j KM.0014583
|
| 910 |
|
|
|d 15/11/2012
|
| 980 |
# |
# |
|a Trung tâm Học liệu Lê Vũ Hùng, Trường Đại học Đồng Tháp
|